[Event "NED-ch U20 Youth 2019"]
[Site "Assen"]
[Date "2019.05.01"]
[Round "4.9"]
[White "Achuthan, Dylan"]
[Black "Gijsen, William"]
[Result "1/2-1/2"]
[WhiteElo "1863"]
[BlackElo "2041"]
[Annotator "NA"]
[PlyCount "122"]
[EventDate "2019.04.28"]
[EventType "swiss"]
[EventCountry "NED"]
[SourceTitle "playchess.com"]
[Source "ChessBase"]
[SourceQuality "1"]
[TimeControl "40/5400+30:1800+30"]

1. e4 {[%emt 0:00:00]} c5 {[%emt 0:00:00]} 2. Nf3 {[%emt 0:00:00]} d6 {[%emt 0:00:00]} 3. c3 {[%emt 0:00:00]} Nf6 {[%emt 0:00:05]} 4. Be2 {[%emt 0:00:00]} Nc6 {[%emt 0:01:26]} 5. d3 {[%emt 0:00:00]} e6 {[%emt 0:00:29]} 6. O-O {[%emt 0:00:07]} Be7 {[%emt 0:00:04]} 7. Re1 {[%emt 0:00:19]} O-O {[%emt 0:00:08]} 8. Bf1 {[%emt 0:00:07]} Qc7 {[%emt 0:10:03]} 9. d4 {[%emt 0:00:45]} d5 {[%emt 0:01:30]} 10. e5 {[%emt 0:02:34]} Nd7 {[%emt 0:00:17]} 11. Bd3 {[%emt 0:00:34]} f6 {[%emt 0:00:55]} 12. exf6 {[%emt 0:05:30]} Nxf6 {[%emt 0:02:20]} 13. Bg5 {[%emt 0:23:44]} cxd4 {[%emt 0:06:07]} 14. cxd4 {[%emt 0:01:46]} Nb4 {[%emt 0:04:56]} 15. Nc3 {[%emt 0:06:51]} Nxd3 {[%emt 0:01:22]} 16. Qxd3 {[%emt 0:00:02]} a6 {[%emt 0:08:00]} 17. Rac1 {[%emt 0:08:20]} Qd8 {[%emt 0:04:36]} 18. Na4 {[%emt 0:14:04]} Bd7 {[%emt 0:02:30]} 19. Nc5 {[%emt 0:01:50]} Bxc5 {[%emt 0:00:11]} 20. Rxc5 {[%emt 0:00:26]} Rc8 {[%emt 0:07:20]} 21. Rxc8 {[%emt 0:02:52]} Qxc8 {[%emt 0:00:29]} 22. Rc1 {[%emt 0:03:56]} Qb8 {[%emt 0:02:45]} 23. Qa3 {[%emt 0:04:12]} Ne4 {[%emt 0:02:48]} 24. Ne5 {[%emt 0:03:00]} Bb5 {[%emt 0:10:38]} 25. Bh4 {[%emt 0:08:33]} Rc8 {[%emt 0:02:39]} 26. Rd1 {[%emt 0:04:24]} Qc7 {[%emt 0:01:56]} 27. f3 {[%emt 0:03:07]} Nd6 {[%emt 0:01:39]} 28. Bg5 {[%emt 0:02:26]} Nf5 {[%emt 0:03:04]} 29. g4 {[%emt 0:01:24]} Nxd4 {[%emt 0:06:09]} 30. Qe3 {[%emt 0:02:47]} Qxe5 {[%emt 0:01:25]} 31. Rxd4 {[%emt 0:00:26]} Qxe3+ {[%emt 0:08:07]} 32. Bxe3 {[%emt 0:00:01]} Rc2 {[%emt 0:01:15]} 33. Rd2 {[%emt 0:00:01]} Rc1+ {[%emt 0:00:15]} 34. Kg2 {[%emt 0:00:55]} Ra1 {[%emt 0:00:38]} 35. a3 {[%emt 0:00:01]} Bc4 {[%emt 0:01:21]} 36. f4 {[%emt 0:01:18]} Kf7 {[%emt 0:00:35]} 37. h4 {[%emt 0:00:31]} Rb1 {[%emt 0:04:38]} 38. Kg3 {[%emt 0:01:23]} a5 {[%emt 0:00:56]} 39. Kg2 {[%emt 0:00:17]} b5 {[%emt 0:00:34]} 40. Kg3 {[%emt 0:00:22]} b4 {[%emt 0:02:32]} 41. axb4 {[%emt 0:31:04]} axb4 {[%emt 0:30:09]} 42. Bc5 {[%emt 0:00:00]} b3 {[%emt 0:00:00]} 43. Bd4 {[%emt 0:00:00]} Rc1 {[%emt 0:00:00]} 44. Kf3 {[%emt 0:00:00]} Re1 {[%emt 0:00:00]} 45. Be5 {[%emt 0:00:00]} Rh1 {[%emt 0:00:00]} 46. Kg3 {[%emt 0:00:00]} Re1 {[%emt 0:00:00]} 47. Kf3 {[%emt 0:00:00]} Bb5 {[%emt 0:00:00]} 48. Rd4 {[%emt 0:00:00]} Bc4 {[%emt 0:00:00]} 49. Rd2 {[%emt 0:00:00]} h6 {[%emt 0:00:00]} 50. h5 {[%emt 0:00:00]} Rh1 {[%emt 0:00:00]} 51. Kg2 {[%emt 0:00:00]} Rc1 {[%emt 0:00:00]} 52. Kf3 {[%emt 0:00:00]} g6 {[%emt 0:00:00]} 53. hxg6+ {[%emt 0:00:00]} Kxg6 {[%emt 0:00:00]} 54. Kg3 {[%emt 0:00:00]} Rf1 {[%emt 0:00:00]} 55. Bc3 {[%emt 0:00:00]} Rc1 {[%emt 0:00:00]} 56. Kf3 {[%emt 0:00:00]} Bb5 {[%emt 0:00:00]} 57. Rh2 {[%emt 0:00:45]} Rd1 {[%emt 0:00:00]} 58. Rd2 {[%emt 0:08:16]} Ra1 {[%emt 0:00:00]} 59. f5+ {[%emt 0:00:00]} exf5 {[%emt 0:00:00]} 60. gxf5+ {[%emt 0:00:00]} Kg5 {[%emt 0:00:00]} 61. f6 {[%emt 0:00:00]} Rf1+ {[%emt 0:00:00]} 1/2-1/2

[Event "NED-ch U20 Youth 2019"]
[Site "Assen"]
[Date "2019.05.01"]
[Round "4.10"]
[White "Reichardt, Robin"]
[Black "Van Aken, Jelmer"]
[Result "0-1"]
[WhiteElo "2061"]
[BlackElo "1698"]
[Annotator "NA"]
[PlyCount "112"]
[EventDate "2019.04.28"]
[EventType "swiss"]
[EventCountry "NED"]
[SourceTitle "playchess.com"]
[Source "ChessBase"]
[SourceQuality "1"]
[TimeControl "40/5400+30:1800+30"]

1. d4 {[%emt 0:00:00]} Nf6 {[%emt 0:00:00]} 2. c4 {[%emt 0:00:00]} e6 {[%emt 0:00:00]} 3. Nf3 {[%emt 0:00:00]} b6 {[%emt 0:00:00]} 4. g3 {[%emt 0:00:10]} Ba6 {[%emt 0:00:00]} 5. Nbd2 {[%emt 0:00:15]} Be7 {[%emt 0:01:07]} 6. Bg2 {[%emt 0:01:30]} c6 {[%emt 0:00:07]} 7. O-O {[%emt 0:03:29]} O-O {[%emt 0:00:28]} 8. Qc2 {[%emt 0:02:28]} d5 {[%emt 0:00:42]} 9. b3 {[%emt 0:02:43]} Nbd7 {[%emt 0:00:42]} 10. e4 {[%emt 0:01:37]} Rc8 {[%emt 0:05:27]} 11. Re1 {[%emt 0:09:55]} c5 {[%emt 0:06:45]} 12. e5 {[%emt 0:10:10]} Ne8 {[%emt 0:02:24]} 13. cxd5 {[%emt 0:03:42]} exd5 {[%emt 0:10:02]} 14. Qd1 {[%emt 0:12:41]} Nc7 {[%emt 0:17:17]} 15. Nf1 {[%emt 0:05:49]} Re8 {[%emt 0:08:22]} 16. Bb2 {[%emt 0:08:51]} Bf8 {[%emt 0:08:10]} 17. Rc1 {[%emt 0:06:36]} f6 {[%emt 0:09:36]} 18. Bh3 {[%emt 0:04:48]} Ra8 {[%emt 0:04:59]} 19. exf6 {[%emt 0:06:06]} Nxf6 {[%emt 0:01:41]} 20. Ba3 {[%emt 0:03:08]} Ne4 {[%emt 0:03:50]} 21. N1d2 {[%emt 0:01:49]} Nb5 {[%emt 0:00:45]} 22. Bb2 {[%emt 0:01:00]} Bc8 {[%emt 0:03:22]} 23. Bxc8 {[%emt 0:01:31]} Rxc8 {[%emt 0:00:04]} 24. Nxe4 {[%emt 0:02:29]} dxe4 {[%emt 0:01:30]} 25. Nd2 {[%emt 0:01:10]} Nxd4 {[%emt 0:01:15]} 26. Rxe4 {[%emt 0:00:36]} Qd5 {[%emt 0:01:13]} 27. Bxd4 {[%emt 0:02:00]} cxd4 {[%emt 0:01:52]} 28. Rxe8 {[%emt 0:02:48]} Rxe8 {[%emt 0:00:09]} 29. Qf3 {[%emt 0:03:21]} Qe6 {[%emt 0:03:53]} 30. Rd1 {[%emt 0:01:33]} Bb4 {[%emt 0:02:20]} 31. Nc4 {[%emt 0:00:36]} b5 {[%emt 0:00:30]} 32. Nb2 {[%emt 0:00:32]} Bc3 {[%emt 0:00:17]} 33. Nd3 {[%emt 0:00:29]} Qe2 {[%emt 0:01:33]} 34. Qxe2 {[%emt 0:01:31]} Rxe2 {[%emt 0:00:05]} 35. a4 {[%emt 0:00:30]} bxa4 {[%emt 0:02:11]} 36. bxa4 {[%emt 0:00:01]} Ra2 {[%emt 0:00:20]} 37. Nc5 {[%emt 0:00:48]} Kf7 {[%emt 0:00:43]} 38. Kg2 {[%emt 0:00:36]} Kf6 {[%emt 0:02:13]} 39. Kf3 {[%emt 0:01:34]} Ke5 {[%emt 0:00:44]} 40. Rb1 {[%emt 0:00:33]} Kd5 {[%emt 0:00:38]} 41. Ne4 {[%emt 0:03:43]} Ra3 {[%emt 0:07:44]} 42. Kf4 {[%emt 0:03:54]} Rxa4 {[%emt 0:05:13]} 43. Rb7 {[%emt 0:02:53]} Kc6 {[%emt 0:02:37]} 44. Rxg7 {[%emt 0:05:55]} d3 {[%emt 0:00:09]} 45. Rxa7 {[%emt 0:00:32]} Rxa7 {[%emt 0:01:02]} 46. Nxc3 {[%emt 0:00:08]} Re7 {[%emt 0:00:44]} 47. g4 {[%emt 0:02:34]} d2 {[%emt 0:00:52]} 48. g5 {[%emt 0:00:32]} Re1 {[%emt 0:00:19]} 49. h4 {[%emt 0:01:08]} Rc1 {[%emt 0:00:49]} 50. Ke3 {[%emt 0:01:34]} Rxc3+ {[%emt 0:00:28]} 51. Kxd2 {[%emt 0:00:05]} Rh3 {[%emt 0:00:12]} 52. f4 {[%emt 0:00:23]} Rxh4 {[%emt 0:00:19]} 53. Ke3 {[%emt 0:00:10]} Kd5 {[%emt 0:00:34]} 54. Kf3 {[%emt 0:00:14]} Rh1 {[%emt 0:00:16]} 55. f5 {[%emt 0:00:22]} Ke5 {[%emt 0:00:30]} 56. Kg4 {[%emt 0:00:15]} Rg1+ {[%emt 0:00:13]} 0-1

[Event "NED-ch U20 Youth 2019"]
[Site "Assen"]
[Date "2019.05.02"]
[Round "5.1"]
[White "Vrolijk, Liam"]
[Black "Warmerdam, Max"]
[Result "1/2-1/2"]
[WhiteElo "2465"]
[BlackElo "2472"]
[Annotator "TA"]
[PlyCount "60"]
[EventDate "2019.04.28"]
[EventType "swiss"]
[EventCountry "NED"]
[SourceTitle "playchess.com"]
[Source "ChessBase"]
[SourceQuality "1"]

{[%evp 17,60,9,50,-31,21,34,31,17,21,7,40,0,0,0,0,0,0,-15,-10,-45,-33,-33,-30,-43,-36,-52,-38,-56,15,0,29,38,52,-74,-74,-74,-74,-83,-63,-70,-70,-71,-67,-83,-74]} 1. c4 e5 2. Nc3 Nf6 3. Nf3 Nc6 4. e3 Bb4 5. Qc2 O-O 6. Nd5 Re8 7. Qf5 d6 8. Nxf6+ gxf6 9. Qh5 e4 10. Nd4 {A28: English Opening: Four Knights Variation} ({Better is} 10. a3 $14) 10... d5 $146 ({Black should play} 10... Nxd4 $15 11. exd4 c6) ({Predecessor:} 10... Nxd4 11. exd4 c6 12. a3 Ba5 13. b4 Bc7 14. d5 Re5 15. Qh6 cxd5 16. Bb2 dxc4 17. Bxe5 fxe5 18. Bxc4 d5 19. Be2 Be6 20. Rc1 Bd6 21. Rc3 Bf8 22. Rg3+ Kh8 23. Qh5 f5 {½-½ (23) Strikovic,A (2502)-Grigoryan,K (2568) Ruma 2017}) 11. Nxc6 $11 bxc6 12. a3 {White is slightly better.} Re5 13. Qd1 Bf8 14. cxd5 cxd5 15. d4 Rg5 16. Bd2 a5 17. b4 axb4 18. axb4 Bg4 19. Rxa8 Qxa8 20. f3 exf3 21. gxf3 Bh5 22. Be2 Qa3 (22... Qc8 $15 23. f4 Bxe2 24. Qxe2 Rg6) 23. b5 Bd6 24. Kf2 Qa2 25. f4 (25. Qc1 $14) 25... Bxe2 $17 26. Qxe2 Rg6 27. Rg1 Qc2 28. Rg3 f5 29. Be1 Qb1 30. Kg2 Qe4+ {Accuracy: White = 35%, Black = 54%.} 1/2-1/2

[Event "NED-ch U20 Youth 2019"]
[Site "Assen"]
[Date "2019.05.02"]
[Round "5.2"]
[White "Halfhide, Sebastian"]
[Black "De Boer, Eelke"]
[Result "1/2-1/2"]
[WhiteElo "2274"]
[BlackElo "2338"]
[Annotator "NA"]
[PlyCount "108"]
[EventDate "2019.04.28"]
[EventType "swiss"]
[EventCountry "NED"]
[SourceTitle "playchess.com"]
[Source "ChessBase"]
[SourceQuality "1"]
[TimeControl "40/5400+30:1800+30"]

1. c4 {[%emt 0:01:49]} Nf6 {[%emt 0:00:10]} 2. Nc3 {[%emt 0:00:19]} g6 {[%emt 0:00:24]} 3. g3 {[%emt 0:01:07]} Bg7 {[%emt 0:00:09]} 4. Bg2 {[%emt 0:00:04]} O-O {[%emt 0:00:12]} 5. d3 {[%emt 0:01:07]} d6 {[%emt 0:01:59]} 6. Rb1 {[%emt 0:01:57]} a5 {[%emt 0:09:52]} 7. Nf3 {[%emt 0:09:44]} e5 {[%emt 0:00:57]} 8. O-O {[%emt 0:00:48]} Nc6 {[%emt 0:00:31]} 9. a3 {[%emt 0:00:38]} Re8 {[%emt 0:01:00]} 10. Ne1 {[%emt 0:07:29]} Nd4 {[%emt 0:11:25]} 11. b4 {[%emt 0:05:08]} axb4 {[%emt 0:00:08]} 12. axb4 {[%emt 0:00:09]} c6 $11 {[%emt 0:03:24]} 13. b5 {[%emt 0:10:02]} d5 {[%emt 0:11:45]} 14. Bg5 {[%emt 0:15:42]} Be6 {[%emt 0:00:43]} 15. bxc6 {[%emt 0:13:07]} bxc6 {[%emt 0:00:07]} 16. cxd5 {[%emt 0:00:41]} cxd5 {[%emt 0:00:11]} 17. Nf3 {[%emt 0:02:24]} Nxf3+ {[%emt 0:21:38]} 18. Bxf3 {[%emt 0:00:40]} Rc8 {[%emt 0:01:37]} 19. Rc1 {[%emt 0:06:51]} h6 {[%emt 0:03:47]} 20. Bxf6 {[%emt 0:03:38]} Bxf6 {[%emt 0:00:09]} 21. Nxd5 {[%emt 0:01:54]} Rxc1 {[%emt 0:17:50]} 22. Nxf6+ {[%emt 0:00:19]} Qxf6 {[%emt 0:00:09]} 23. Qxc1 {[%emt 0:00:05]} h5 {[%emt 0:00:20]} 24. Qh6 {[%emt 0:01:46]} Qg7 {[%emt 0:06:48]} 25. Qg5 {[%emt 0:00:41]} Bf5 {[%emt 0:01:40]} 26. Qh4 {[%emt 0:05:28]} Rb8 {[%emt 0:02:15]} 27. Rd1 {[%emt 0:02:18]} Qf8 {[%emt 0:02:15]} 28. Qf6 {[%emt 0:02:03]} Qg7 {[%emt 0:00:17]} 29. Qe7 {[%emt 0:00:44]} Be6 {[%emt 0:00:33]} 30. e3 {[%emt 0:00:50]} Qf8 {[%emt 0:01:11]} 31. Qc7 {[%emt 0:00:04]} Rb5 {[%emt 0:01:00]} 32. d4 {[%emt 0:01:25]} exd4 {[%emt 0:00:15]} 33. exd4 {[%emt 0:00:08]} Qa3 {[%emt 0:01:09]} 34. Qc6 {[%emt 0:02:50]} Rb2 {[%emt 0:00:23]} 35. Qe4 {[%emt 0:01:39]} Bf5 {[%emt 0:00:38]} 36. Qe8+ {[%emt 0:00:47]} Kg7 {[%emt 0:00:22]} 37. Bd5 {[%emt 0:00:30]} Qa7 {[%emt 0:00:30]} 38. Qe5+ {[%emt 0:00:45]} Kg8 {[%emt 0:00:32]} 39. Re1 {[%emt 0:00:41]} Rd2 {[%emt 0:01:15]} 40. Qe8+ {[%emt 0:00:40]} Kg7 {[%emt 0:00:00]} 41. Re7 {[%emt 0:20:18]} Qa1+ {[%emt 0:00:00]} 42. Kg2 {[%emt 0:00:49]} Rxf2+ {[%emt 0:00:20]} 43. Kxf2 {[%emt 0:00:04]} Qxd4+ {[%emt 0:00:11]} 44. Re3 {[%emt 0:00:16]} Qxd5 {[%emt 0:00:14]} 45. Qe5+ {[%emt 0:00:21]} Qxe5 {[%emt 0:00:13]} 46. Rxe5 {[%emt 0:00:01]} Kf6 {[%emt 0:00:36]} 47. Ra5 {[%emt 0:00:06]} Be6 {[%emt 0:00:39]} 48. h4 {[%emt 0:01:19]} Kg7 {[%emt 0:00:20]} 49. Ke3 {[%emt 0:00:05]} Bg4 {[%emt 0:00:25]} 50. Kf4 {[%emt 0:00:05]} Be6 {[%emt 0:00:24]} 51. Kg5 {[%emt 0:00:30]} Bg4 {[%emt 0:00:20]} 52. Ra6 {[%emt 0:00:21]} Bf5 {[%emt 0:00:30]} 53. Rf6 {[%emt 0:00:17]} Be6 {[%emt 0:00:27]} 54. Rf2 {[%emt 0:00:08]} Bg4 {[%emt 0:00:16]} 1/2-1/2

[Event "NED-ch U20 Youth 2019"]
[Site "Assen"]
[Date "2019.05.02"]
[Round "5.3"]
[White "Ypma, Jord"]
[Black "Van Dael, Siem"]
[Result "0-1"]
[WhiteElo "1854"]
[BlackElo "2206"]
[Annotator "NA"]
[PlyCount "104"]
[EventDate "2019.04.28"]
[EventType "swiss"]
[EventCountry "NED"]
[SourceTitle "playchess.com"]
[Source "ChessBase"]
[SourceQuality "1"]
[TimeControl "40/5400+30:1800+30"]

1. d4 {[%emt 0:00:00]} Nf6 {[%emt 0:00:00]} 2. c4 {[%emt 0:00:14]} g6 {[%emt 0:00:00]} 3. g3 {[%emt 0:00:46]} Bg7 {[%emt 0:00:00]} 4. Bg2 {[%emt 0:00:33]} O-O {[%emt 0:00:01]} 5. Nc3 {[%emt 0:00:06]} d6 {[%emt 0:00:04]} 6. Nf3 {[%emt 0:00:24]} Nbd7 {[%emt 0:00:06]} 7. O-O {[%emt 0:00:17]} e5 {[%emt 0:00:06]} 8. e4 {[%emt 0:01:07]} exd4 {[%emt 0:00:15]} 9. Nxd4 {[%emt 0:00:20]} Re8 {[%emt 0:00:05]} 10. Qc2 {[%emt 0:01:58]} Ne5 {[%emt 0:04:17]} 11. b3 {[%emt 0:02:21]} Bd7 {[%emt 0:01:20]} 12. Bb2 {[%emt 0:03:54]} a6 {[%emt 0:00:19]} 13. Rfd1 {[%emt 0:05:03]} ({Better is} 13. Rad1 $16) 13... c5 {[%emt 0:08:45]} 14. Nde2 $11 {[%emt 0:03:59]} b5 {[%emt 0:00:31]} 15. Rxd6 {[%emt 0:16:05]} bxc4 {[%emt 0:15:46]} 16. Nd5 {[%emt 0:08:56]} Nxd5 {[%emt 0:02:32]} 17. Rxd5 {[%emt 0:00:36]} Qc7 {[%emt 0:03:17]} 18. bxc4 {[%emt 0:05:46]} Rab8 {[%emt 0:03:17]} 19. Bc3 {[%emt 0:06:02]} Be6 {[%emt 0:05:46]} 20. Nf4 {[%emt 0:04:40]} Bxd5 {[%emt 0:01:32]} 21. Nxd5 {[%emt 0:00:14]} Qc8 {[%emt 0:01:02]} 22. f4 {[%emt 0:02:06]} Nc6 {[%emt 0:01:14]} 23. e5 {[%emt 0:09:01]} Nd4 {[%emt 0:06:22]} 24. Qd2 {[%emt 0:01:40]} Qf5 {[%emt 0:02:12]} 25. Ne3 {[%emt 0:05:03]} Qh5 {[%emt 0:01:36]} 26. Bxd4 {[%emt 0:02:07]} cxd4 {[%emt 0:00:06]} 27. Nd5 {[%emt 0:01:20]} Qf5 {[%emt 0:01:21]} 28. Qxd4 {[%emt 0:01:31]} Rb1+ {[%emt 0:01:32]} 29. Bf1 {[%emt 0:01:24]} Bxe5 {[%emt 0:02:04]} 30. Ne7+ {[%emt 0:04:05]} Rxe7 {[%emt 0:02:33]} 31. Qd8+ {[%emt 0:00:25]} Kg7 {[%emt 0:00:05]} 32. Rxb1 {[%emt 0:00:48]} Rd7 {[%emt 0:01:42]} 33. Qe8 {[%emt 0:02:27]} Bd4+ {[%emt 0:23:09]} 34. Kg2 {[%emt 0:00:18]} Qxb1 {[%emt 0:00:25]} 35. Qxd7 {[%emt 0:00:46]} Qxa2+ {[%emt 0:00:03]} 36. Kf3 {[%emt 0:03:42]} Qf2+ {[%emt 0:06:05]} 37. Ke4 {[%emt 0:00:05]} Qe3+ {[%emt 0:00:12]} 38. Kd5 {[%emt 0:00:04]} Bf6 {[%emt 0:00:37]} 39. Qh3 {[%emt 0:03:01]} Be7 {[%emt 0:01:17]} 40. Qg2 {[%emt 0:02:23]} a5 {[%emt 0:01:34]} 41. Qe2 {[%emt 0:32:00]} Qc5+ {[%emt 0:30:15]} 42. Ke4 {[%emt 0:00:08]} Qc6+ {[%emt 0:01:25]} 43. Kd3 {[%emt 0:00:18]} Bf6 {[%emt 0:00:09]} 44. Bg2 {[%emt 0:02:17]} Qc5 {[%emt 0:00:27]} 45. Bd5 {[%emt 0:00:00]} Qa3+ {[%emt 0:00:00]} 46. Kc2 {[%emt 0:00:00]} Bc3 {[%emt 0:00:00]} 47. Kd3 {[%emt 0:00:00]} Bb2+ {[%emt 0:00:00]} 48. Kc2 {[%emt 0:00:00]} Qc3+ {[%emt 0:00:00]} 49. Kb1 {[%emt 0:00:00]} Qc1+ {[%emt 0:00:00]} 50. Ka2 {[%emt 0:00:00]} Bd4 {[%emt 0:00:00]} 51. Bc6 {[%emt 0:05:10]} Qa1+ {[%emt 0:00:00]} 52. Kb3 {[%emt 0:00:00]} Qb1+ {[%emt 0:00:00]} 0-1

[Event "NED-ch U20 Youth 2019"]
[Site "Assen"]
[Date "2019.05.02"]
[Round "5.4"]
[White "Pols, Wiggert"]
[Black "Van Roon, Sjoerd"]
[Result "1/2-1/2"]
[WhiteElo "2104"]
[BlackElo "2115"]
[Annotator "NA"]
[PlyCount "91"]
[EventDate "2019.04.28"]
[EventType "swiss"]
[EventCountry "NED"]
[SourceTitle "playchess.com"]
[Source "ChessBase"]
[SourceQuality "1"]
[TimeControl "40/5400+30:1800+30"]

1. Nf3 {[%emt 0:00:00]} d5 {[%emt 0:00:00]} 2. g3 {[%emt 0:00:00]} c6 {[%emt 0:00:00]} 3. Bg2 {[%emt 0:00:00]} Bg4 {[%emt 0:00:00]} 4. O-O {[%emt 0:00:00]} Nd7 {[%emt 0:00:00]} 5. d4 {[%emt 0:00:28]} Ngf6 {[%emt 0:01:18]} 6. c4 {[%emt 0:01:09]} e6 {[%emt 0:01:19]} 7. cxd5 {[%emt 0:01:11]} cxd5 {[%emt 0:00:47]} 8. Bf4 {[%emt 0:01:27]} Be7 {[%emt 0:01:27]} 9. Qb3 {[%emt 0:03:20]} Qb6 {[%emt 0:02:32]} 10. Rc1 {[%emt 0:02:16]} Qxb3 {[%emt 0:31:08]} 11. axb3 {[%emt 0:00:37]} Bd8 {[%emt 0:00:13]} (11... Ne4 $11 {keeps the balance.}) 12. Na3 $11 {[%emt 0:05:25]} ({Better is} 12. Nc3 $16) 12... O-O {[%emt 0:13:00]} 13. Bd6 {[%emt 0:01:55]} Bxf3 {[%emt 0:03:41]} 14. Bxf3 {[%emt 0:00:16]} Re8 {[%emt 0:00:39]} 15. Nb5 {[%emt 0:00:28]} Bb6 {[%emt 0:06:26]} 16. Nc7 {[%emt 0:01:52]} Bxd4 {[%emt 0:02:24]} 17. Rab1 {[%emt 0:22:41]} Ne5 {[%emt 0:04:59]} 18. Nxa8 {[%emt 0:04:49]} Nxf3+ {[%emt 0:01:28]} 19. exf3 {[%emt 0:00:05]} Rxa8 {[%emt 0:00:07]} 20. Bc5 {[%emt 0:03:11]} Bxc5 {[%emt 0:05:12]} 21. Rxc5 {[%emt 0:00:11]} Ne8 {[%emt 0:00:22]} 22. Rbc1 {[%emt 0:00:20]} Kf8 {[%emt 0:00:52]} 23. Rc8 {[%emt 0:09:15]} Rxc8 {[%emt 0:00:05]} 24. Rxc8 {[%emt 0:00:03]} Ke7 {[%emt 0:00:09]} 25. g4 {[%emt 0:01:46]} h6 {[%emt 0:01:02]} 26. f4 {[%emt 0:00:59]} Kd7 {[%emt 0:01:05]} 27. Rb8 {[%emt 0:03:14]} Nd6 {[%emt 0:00:10]} 28. g5 {[%emt 0:00:33]} h5 {[%emt 0:01:35]} 29. f5 {[%emt 0:07:35]} exf5 {[%emt 0:07:03]} 30. Kf1 {[%emt 0:00:38]} g6 {[%emt 0:00:44]} 31. Ke2 {[%emt 0:00:32]} Ke6 {[%emt 0:02:05]} 32. Kd3 {[%emt 0:00:52]} Ke5 {[%emt 0:01:27]} 33. b4 {[%emt 0:01:39]} a6 {[%emt 0:01:21]} 34. b3 {[%emt 0:01:08]} f4 {[%emt 0:00:58]} 35. f3 {[%emt 0:05:01]} h4 {[%emt 0:01:51]} 36. h3 {[%emt 0:05:05]} Kf5 {[%emt 0:01:00]} 37. Kd4 {[%emt 0:01:48]} Ke6 {[%emt 0:00:06]} 38. Kc5 {[%emt 0:02:44]} Ke5 {[%emt 0:02:08]} 39. Rd8 {[%emt 0:04:56]} Ne4+ {[%emt 0:00:06]} 40. fxe4 {[%emt 0:01:59]} b6+ {[%emt 0:01:05]} 41. Kc6 {[%emt 0:28:57]} dxe4 {[%emt 0:00:06]} 42. Rd5+ {[%emt 0:00:13]} Ke6 {[%emt 0:00:04]} 43. Rd6+ {[%emt 0:00:31]} Ke5 {[%emt 0:00:07]} 44. Rd5+ {[%emt 0:00:37]} Ke6 {[%emt 0:00:07]} 45. Rd6+ {[%emt 0:00:53]} Ke5 {[%emt 0:00:06]} 46. Rd5+ {[%emt 0:00:05]} 1/2-1/2

[Event "NED-ch U20 Youth 2019"]
[Site "Assen"]
[Date "2019.05.02"]
[Round "5.5"]
[White "Elgersma, Simon"]
[Black "Mesman, Edwyn"]
[Result "1-0"]
[WhiteElo "2137"]
[BlackElo "2224"]
[Annotator "NA"]
[PlyCount "95"]
[EventDate "2019.04.28"]
[EventType "swiss"]
[EventCountry "NED"]
[SourceTitle "playchess.com"]
[Source "ChessBase"]
[SourceQuality "1"]
[TimeControl "40/5400+30:1800+30"]

1. e4 {[%emt 0:00:00]} c6 {[%emt 0:00:21]} 2. d4 {[%emt 0:00:08]} d5 {[%emt 0:00:06]} 3. e5 {[%emt 0:00:06]} Bf5 {[%emt 0:00:11]} 4. Nd2 {[%emt 0:00:07]} e6 {[%emt 0:01:04]} 5. Nb3 {[%emt 0:00:08]} Nd7 {[%emt 0:01:23]} 6. Nf3 {[%emt 0:00:20]} h6 {[%emt 0:00:45]} 7. Be2 {[%emt 0:03:40]} Ne7 {[%emt 0:02:00]} 8. O-O {[%emt 0:02:41]} Nc8 {[%emt 0:07:52]} 9. a4 {[%emt 0:05:13]} Ncb6 {[%emt 0:01:22]} 10. a5 {[%emt 0:10:52]} Nc4 {[%emt 0:00:10]} 11. Bxc4 {[%emt 0:08:48]} ({Better is} 11. Bd3 $16) 11... dxc4 {[%emt 0:00:15]} 12. Nbd2 {[%emt 0:00:10]} b5 $1 {[%emt 0:00:48]} 13. axb6 {[%emt 0:03:15]} Nxb6 $11 {[%emt 0:00:58]} 14. Qe2 {[%emt 0:04:08]} Qd5 {[%emt 0:13:41]} 15. b3 {[%emt 0:05:53]} cxb3 {[%emt 0:05:44]} 16. c4 {[%emt 0:00:42]} Qd8 {[%emt 0:06:52]} 17. Nxb3 {[%emt 0:01:11]} Be7 {[%emt 0:02:00]} 18. h3 {[%emt 0:05:07]} O-O {[%emt 0:02:14]} 19. Ba3 {[%emt 0:02:22]} Bxa3 {[%emt 0:00:25]} 20. Rxa3 {[%emt 0:00:18]} Qe7 {[%emt 0:00:05]} 21. Rfa1 {[%emt 0:06:42]} Rfc8 {[%emt 0:07:23]} 22. Nc5 {[%emt 0:01:40]} Rd8 {[%emt 0:02:51]} 23. Ra5 {[%emt 0:05:49]} Qc7 {[%emt 0:03:06]} 24. R1a3 {[%emt 0:06:37]} Qe7 {[%emt 0:03:24]} 25. Qa2 {[%emt 0:01:44]} Nc8 {[%emt 0:01:40]} 26. Rb3 {[%emt 0:06:22]} Nb6 {[%emt 0:01:07]} 27. Rba3 {[%emt 0:00:41]} Nc8 {[%emt 0:00:22]} 28. Ra6 {[%emt 0:01:02]} Qc7 {[%emt 0:02:56]} 29. Rb3 {[%emt 0:03:35]} Nb6 {[%emt 0:04:33]} 30. Qa5 {[%emt 0:00:56]} Qe7 {[%emt 0:02:03]} 31. Qa2 {[%emt 0:04:03]} Qc7 {[%emt 0:02:38]} 32. Kh2 {[%emt 0:02:27]} Kh7 {[%emt 0:05:24]} 33. Kh1 {[%emt 0:01:53]} Kg8 {[%emt 0:00:41]} 34. Rba3 {[%emt 0:00:26]} Nc8 {[%emt 0:00:54]} 35. Rb3 {[%emt 0:02:57]} Nb6 {[%emt 0:00:38]} 36. Rba3 {[%emt 0:00:57]} Nc8 {[%emt 0:00:14]} 37. g4 {[%emt 0:01:25]} Bg6 {[%emt 0:00:37]} 38. Rb3 {[%emt 0:01:54]} Nb6 {[%emt 0:02:29]} 39. Rba3 {[%emt 0:00:18]} Nc8 {[%emt 0:00:08]} 40. Rb3 {[%emt 0:00:48]} Nb6 {[%emt 0:00:18]} 41. h4 {[%emt 0:11:00]} h5 {[%emt 0:04:54]} 42. Rbxb6 {[%emt 0:07:21]} axb6 {[%emt 0:02:59]} 43. Rxa8 {[%emt 0:00:07]} bxc5 {[%emt 0:01:49]} 44. Ng5 {[%emt 0:04:12]} Kf8 {[%emt 0:02:38]} 45. gxh5 {[%emt 0:02:22]} Bf5 {[%emt 0:07:49]} 46. Qa3 {[%emt 0:00:32]} Kg8 {[%emt 0:01:20]} 47. Qa7 {[%emt 0:00:27]} Qxa7 {[%emt 0:00:07]} 48. Rxd8# {[%emt 0:00:04]} 1-0